书目信息 |
| 题名: |
健身益智手指操
|
|
| 作者: | 王岩昆 编著 | |
| 分册: | ||
| 出版信息: | 北京 华龄出版社 2004 |
|
| 页数: | 122页 | |
| 开本: | 20cm | |
| 丛书名: | ||
| 单 册: | ||
| 中图分类: | R161.1 | |
| 科图分类: | ||
| 主题词: | 手指--健身运动 , 手指 , 健身运动 | |
| 电子资源: | ||
| ISBN: | 7-80178-129-5 | |
| 000 | 00810nam0 2200253 450 | |
| 001 | 002580339 | |
| 005 | 20061031171404.15 | |
| 010 | @a7-80178-129-5@dCNY16.00 | |
| 100 | @a20040216d2004 em y0chiy0110 ea | |
| 101 | 0 | @achi |
| 102 | @aCN@b110000 | |
| 105 | @aa z 000yy | |
| 200 | 1 | @a健身益智手指操@9jian shen yi zhi shou zhi cao@f王岩昆编著 |
| 210 | @a北京@c华龄出版社@d2004 | |
| 215 | @a122页@c照片@d20cm@e光盘1片 | |
| 307 | @a附光盘 ISRC CN-D16-03-002-0 | |
| 330 | @a该书介绍了手指操的基础知识,手指操的基本手法,开发右脑的左手手指操,训练协调功能的手指操以及部分病症的掌指疗法五部分内容。 | |
| 606 | 0 | @a手指@x健身运动 |
| 606 | 0 | @a手指 |
| 606 | 0 | @a健身运动 |
| 690 | @aR161.1@v4 | |
| 701 | 0 | @a王岩昆@9wang yan kun@c(保健)@4编著 |
| 801 | 0 | @aCN@bNLC@c20061031 |
| 905 | @a10447@dR161.1@e105 | |
| 健身益智手指操/王岩昆编著.-北京:华龄出版社,2004 |
| 122页:照片;20cm+光盘1片 |
| ISBN 7-80178-129-5:CNY16.00 |
| 该书介绍了手指操的基础知识,手指操的基本手法,开发右脑的左手手指操,训练协调功能的手指操以及部分病症的掌指疗法五部分内容。 |
| ● |
| 相关链接 |
|
|
|
|
正题名:健身益智手指操
索取号:R161.1/105
 
预约/预借
| 序号 | 登录号 | 条形码 | 馆藏地/架位号 | 状态 | 备注 |
| 1 | 0386518 | 203865184 | 第二样本阅览室/ [索取号:R161.1/105] | 在馆 | |
| 2 | 0386519 | 203865193 | 第三借阅区/ [索取号:R161.1/105] | 在馆 | |
| 3 | 0386520 | 203865200 | 第三借阅区/ [索取号:R161.1/105] | 在馆 | |
| 4 | 0386521 | 203865219 | 第三借阅区/ [索取号:R161.1/105] | 在馆 | |
| 5 | 0386522 | 203865228 | 第三借阅区/ [索取号:R161.1/105] | 在馆 |